000 00292nam a22001217a 4500
008 180917b xxu||||| |||| 00| 0 eng d
041 _aeng
080 _23 ED
_a616
100 _a9
101 _aPAT
245 _aArticulation And Phonological Disorders
_cBerntha lJ.E
942 _2udc
_cBK
999 _c47870
_d47870